| 000 | 004360000a22001690004500 | ||
|---|---|---|---|
| 005 | 20120302060838.0 | ||
| 942 | _cBOOK | ||
| 100 | _a Watson,Lyall | ||
| 245 | _a Supernature II:A new natural history of supernatural | ||
| 260 | _aGreat Britain:Hodder & Staughton Ltd.,1987 | ||
| 300 | _a348P | ||
| 040 | _aENG | ||
| 365 | _bRs. | ||
| 650 | _aPhilosophy | ||
| 650 | _apsychology-life-mind-plannet | ||
| 650 | _aHistory-supernatural | ||
| 999 |
_c352323 _d352320 |
||